| 000 | 00882cam a22002771 4500 | ||
|---|---|---|---|
| 001 | med48000103 | ||
| 003 | DLC | ||
| 005 | 20260227111609.0 | ||
| 008 | 810815s1944 xx 000 0 eng | ||
| 010 | _amed48000103 | ||
| 035 | _a(OCoLC)6941427 | ||
| 040 |
_aDLC _cDNLM _dScU _dOCoLC _dDLC |
||
| 042 | _apremarc | ||
| 050 | 0 | 0 |
_aRA147 _b.A7 1944 |
| 060 | 0 | 0 |
_aWA 32 AS6 _bL4p 1944 |
| 060 | 0 | 0 | _aFilm 2566 no. 1 |
| 082 | _a614.09757 | ||
| 130 | 0 | _aSouth Carolina. Laws, statutes, etc. | |
| 245 | 1 | 0 | _aPublic health laws of South Carolina. |
| 260 |
_aColumbia, S.C., _bState Health Dept., _c1944. |
||
| 300 | _av, 163 p. | ||
| 500 | _a"Sections relating to public health taken from the 1942 Code of laws of South Carolina." | ||
| 500 |
_aMicrofilmed for preservation _5DNLM |
||
| 650 | 0 |
_aPublic health _zSouth Carolina. |
|
| 710 | 2 | _aSouth Carolina State Board of Health. | |
| 999 |
_c38848 _d38848 |
||